[Event "GER-ch U17"]
[Site "Schopfenheim"]
[Date "1997.??.??"]
[Round "9"]
[White "Mueller, Max"]
[Black "Bromberger, Stefan"]
[Result "1/2-1/2"]
[WhiteElo "2080"]
[BlackElo "2310"]

1.e4 c5 2.Nf3 Nc6 3.Bb5 e6 4.Nc3 Nge7 5.O-O a6 6.Bxc6 Nxc6 7.d4 cxd4 8.Nxd4 Be7
9.Nxc6 bxc6 10.e5 Qc7 11.Re1 O-O 12.Qh5 f6 13.Bf4 fxe5 14.Qxe5 d6 15.Qe3 Rf5
16.Rad1 a5 17.Ne4 e5 18.Bg5 Bf8 19.c4 h6 20.Bh4 Be6 21.b3 a4 22.Bg3 axb3
23.axb3 Ra3 24.Qc3 Qb8 25.Nd2 Qb6 26.Rb1 d5 27.Rxe5 Bb4 28.Qc1 Rxe5 29.Bxe5 Ra2
30.Bb2 Bf5 31.Ra1 Rxa1 32.Bxa1 Bxd2 33.Qxd2 Qxb3 34.Qc1 Qxc4  1/2-1/2

[Event "Schwaebisch Gmuend op"]
[Site "Schwaebisch Gmuend"]
[Date "1997.??.??"]
[Round "1"]
[White "Grund, Holger"]
[Black "Ehret, Rebecca"]
[Result "1-0"]
[WhiteElo "2375"]
[BlackElo "1770"]

1.e4 c5 2.Nf3 Nc6 3.Bb5 g6 4.Bxc6 bxc6 5.O-O d6 6.e5 Bg7 7.Re1 Be6 8.Nc3 Qc7
9.Qe2 Nh6 10.exd6 exd6 11.d4 cxd4 12.Nxd4 Qd7 13.Nxe6 fxe6 14.Bxh6 Bxh6 15.Rad1 Ke7
16.Ne4 d5 17.Qg4 Bg7 18.Nc5  1-0

[Event "Schwaebisch Gmuend op"]
[Site "Schwaebisch Gmuend"]
[Date "1997.??.??"]
[Round "1"]
[White "Hallmann, E."]
[Black "Ikonnikov, Vyacheslav"]
[Result "0-1"]
[WhiteElo "1790"]
[BlackElo "2540"]

1.e4 c5 2.Nf3 Nc6 3.Bb5 g6 4.c3 Nf6 5.Qe2 Bg7 6.O-O O-O 7.d4 d5 8.exd5 Qxd5
9.Bxc6 bxc6 10.Qxe7 Ba6 11.Re1 Rae8 12.Qxc5 Qxf3 13.gxf3 Rxe1+ 14.Kg2 Bf1+
15.Kg3 Nh5+ 16.Qxh5 gxh5 17.Nd2 Rfe8 18.Ne4 Re6 19.b3 Rg6+ 20.Kh4 Rxe4+ 21.fxe4 Rg4+
22.Kxh5 Be2  0-1

[Event "Schwaebisch Gmuend op"]
[Site "Schwaebisch Gmuend"]
[Date "1997.??.??"]
[Round "3"]
[White "Braig, Frank"]
[Black "Ullrich, Farid Raoul"]
[Result "1/2-1/2"]
[WhiteElo "2000"]
[BlackElo "2165"]

1.e4 c5 2.Nf3 Nc6 3.Bb5 g6 4.O-O Bg7 5.c3 e5 6.d3 Nge7 7.Be3 d6 8.d4 exd4
9.cxd4 Qb6 10.Nc3 O-O 11.Bxc6 Qxc6 12.Qd2 Re8 13.Rac1 Bg4 14.Ne1 Rad8 15.f3 Bc8  1/2-1/2

[Event "BUL-ch"]
[Site "Shumen"]
[Date "1997.??.??"]
[Round "4"]
[White "Panbukchian, Valentin"]
[Black "Sotirov, Nikolaj"]
[Result "1-0"]
[WhiteElo "2375"]
[BlackElo "2175"]

1.e4 c5 2.Nf3 Nc6 3.Bb5 g6 4.O-O Bg7 5.c3 Nf6 6.Re1 O-O 7.d4 cxd4 8.cxd4 d5
9.e5 Ne4 10.Nbd2 Nxd2 11.Bxd2 Bg4 12.Bxc6 bxc6 13.Bb4 Qd7 14.h3 Rfb8 15.Ba3 Bf5
16.Rc1 Bh6 17.e6 Bxe6 18.Ne5 Qb7 19.Rxc6 Bg7 20.Rxe6 fxe6 21.Qg4 Qc8 22.b3 Bxe5
23.Rxe5 Rb6 24.Bxe7 a5 25.h4 Qe8 26.Bc5 Rba6 27.h5 Qf7 28.hxg6 hxg6 29.Re3 Qf5
30.Qe2 Kg7 31.Rh3 Rc6 32.Qb5 Rac8 33.Qxa5 Qc2 34.Qe1 Qf5 35.b4 g5 36.Rf3 Qg6
37.Qe5+ Kg8 38.g4 R6c7 39.Rf6 Qb1+ 40.Kg2 Rh7 41.Qxe6+  1-0

[Event "BUL-ch"]
[Site "Shumen"]
[Date "1997.??.??"]
[Round "5"]
[White "Bojkov, Dejan"]
[Black "Spasov, Vasil"]
[Result "0-1"]
[WhiteElo "2280"]
[BlackElo "2585"]

1.e4 c5 2.Nf3 Nc6 3.Bb5 g6 4.O-O Bg7 5.Re1 e5 6.Bxc6 dxc6 7.d3 Qe7 8.a4 Nf6
9.Nbd2 O-O 10.Nc4 Nd7 11.Be3 Rd8 12.Qd2 f6 13.h3 Nf8 14.Nh2 Ne6 15.f4 exf4
16.Bxf4 Nxf4 17.Qxf4 Be6 18.b3 Qd7 19.Nf3 Re8 20.Re2 Rad8 21.Rae1 Rf8 22.Qe3 b6
23.e5 Bd5 24.e6 Qe7 25.a5 b5 26.Ncd2 Rfe8 27.c4 Bxf3 28.Qxf3 bxc4 29.bxc4 f5
30.Qxc6 Rxd3 31.Nf3 Bc3 32.Rb1 Rd6 33.Qb7 Bxa5 34.Rb5 Bb6  0-1

[Event "BUL-ch"]
[Site "Shumen"]
[Date "1997.??.??"]
[Round "6"]
[White "Manolov, Ivan"]
[Black "Kuzev, Jordan"]
[Result "1-0"]
[WhiteElo "2330"]
[BlackElo "2280"]

1.e4 c5 2.Nf3 Nc6 3.Bb5 d6 4.O-O Bd7 5.Re1 e6 6.c3 a6 7.Bf1 Nf6 8.d4 e5 9.h3 Be7
10.a4 cxd4 11.cxd4 exd4 12.Nxd4 O-O 13.Nc3 Rc8 14.Nc2 Be6 15.Ne3 Nb4 16.f4 Re8
17.f5 Bd7 18.Qb3 d5 19.e5 Ne4 20.Nxe4 dxe4 21.Bc4 Rxc4 22.Qxc4 Nd3 23.Rf1 Nxe5
24.Qxe4 Bc5 25.Rd1 Qc8 26.Kh1 Bc6 27.Qf4 Nd7 28.b4 Re4 29.Qg3 Rxb4 30.Ba3 Rxa4
31.Bxc5 Rxa1 32.Rxa1 Nxc5 33.f6 g6 34.Nf5 Kh8 35.Ne7 Ne4 36.Qe5 Nf2+ 37.Kg1 Nd3
38.Qd6 Qa8 39.Qxd3 Bb5  1-0

[Event "BUL-ch"]
[Site "Shumen"]
[Date "1997.??.??"]
[Round "7"]
[White "Dimov, Dian"]
[Black "Sotirov, Nikolaj"]
[Result "1-0"]
[WhiteElo "2370"]
[BlackElo "2175"]

1.e4 c5 2.Nf3 Nc6 3.Bb5 g6 4.O-O Bg7 5.c3 Nf6 6.Re1 O-O 7.d4 cxd4 8.cxd4 d5
9.e5 Ne4 10.Nc3 Nxc3 11.bxc3 Na5 12.Qa4 a6 13.Bf1 Bd7 14.Qb4 Re8 15.Ng5 e6
16.h4 Qc7 17.Bf4 Bf8 18.Qb2 Rec8 19.Re3 b5 20.Rf3 Be8 21.h5 Qe7 22.hxg6 fxg6
23.Nh3 Qa3 24.Qd2 Ra7 25.Bh6 Rf7 26.Bxf8 Qxf8 27.Rxf7 Qxf7 28.Re1 Bd7 29.Re3 Rf8
30.Ng5 Qf4 31.Nh3 Qh6 32.Bd3 Bc6 33.Qe2 Nc4 34.Rg3 Qh4 35.Ng5 Bd7 36.Nxh7 Qxh7
37.Rxg6+ Kh8 38.Rg5  1-0

[Event "UKR-ch20"]
[Site "Simferopol"]
[Date "1997.??.??"]
[Round "7"]
[White "Fedorchuk, Sergey A"]
[Black "Goloshchapov, Alexander"]
[Result "0-1"]
[WhiteElo "2255"]
[BlackElo "2455"]

1.e4 c5 2.Nf3 Nc6 3.Bb5 g6 4.O-O Bg7 5.c3 Nf6 6.Re1 O-O 7.h3 e5 8.d3 Qc7
9.Be3 b6 10.Nbd2 Re8 11.Rc1 Bb7 12.b4 d6 13.a3 a6 14.Ba4 Rad8 15.Qc2 h6 16.Bb3 Qd7
17.Qa2 Re7 18.Nf1 Nh5 19.Nh4 Kh7 20.Qe2 Nf4 21.Qd2 Ne6 22.Ng3 Rf8 23.Nhf5 gxf5
24.Nxf5 Nf4 25.g3 Rg8 26.Kh2 Ne6 27.Bxh6 Bf6 28.Qe2 Rg6 29.Qh5 Kg8 30.Nxe7+ Nxe7
31.f4 exf4 32.gxf4 Ng7 33.Bxg7 Bxg7 34.Rg1 d5 35.Rxg6 Nxg6 36.Rg1 c4 37.dxc4 dxe4
38.c5 Qd2+ 39.Rg2 Qxg2+ 40.Kxg2 Nxf4+ 41.Kf2 Nxh5 42.cxb6 Bxc3 43.Ke3 Kg7  0-1

[Event "RUS-Cup8"]
[Site "Smolensk"]
[Date "1997.??.??"]
[Round "2"]
[White "Tarasov, Igor"]
[Black "Nadyrhanov, S."]
[Result "1/2-1/2"]
[WhiteElo "2350"]
[BlackElo "2480"]

1.e4 c5 2.Nf3 Nc6 3.Bb5 g6 4.O-O Bg7 5.Re1 Nf6 6.Nc3 O-O 7.e5 Ne8 8.Bxc6 dxc6
9.d3 Nc7 10.h3 Ne6 11.a4 a5 12.Ne4 f6 13.exf6 exf6 14.Bd2 b6 15.Bc3 Ra7 16.Ned2 Re7
17.Nc4 Rfe8 18.Ra3 Nf4 19.Rxe7 Rxe7 20.Rb3 Be6 21.Bd2 g5 22.Ra3 Nd5 23.Ra1 h6
24.Qf1 Nb4 25.Rc1 f5 26.Nfe5 Bxc4 27.Nxc4 b5 28.Ne3 Qd7 29.b3 g4  1/2-1/2

[Event "RUS-Cup8"]
[Site "Smolensk"]
[Date "1997.??.??"]
[Round "4"]
[White "Tarasov, Igor"]
[Black "Lomineishvili, Maia"]
[Result "0-1"]
[WhiteElo "2350"]
[BlackElo "2385"]

1.e4 c5 2.Nf3 Nc6 3.Bb5 g6 4.O-O Bg7 5.c3 Nf6 6.Re1 O-O 7.d4 d5 8.exd5 Qxd5
9.c4 Qd6 10.dxc5 Qxd1 11.Rxd1 Ne4 12.Nbd2 Rd8 13.Re1 Nxc5 14.Bxc6 bxc6 15.Nb3 Nd3
16.Rxe7 Be6 17.Be3 Bxb2 18.Rb1 Bxc4 19.Nfd2 Bd5 20.h3 Bf6 21.Rxa7 Rxa7 22.Bxa7 Ra8
23.Be3 Rxa2 24.Bh6 Be5 25.g3 f6 26.Be3 Bc3 27.Kf1 c5 28.Ke2 c4 29.Nd4 Be4
30.Rb8+ Kf7 31.Nb5 Bb4 32.Rc8 Ne5 33.Rc7+ Ke8 34.Ra7 Bf3+ 35.Kf1 Rxd2 36.Bxd2 Bxd2
37.Rc7 Kd8 38.Rc5 Bb4 39.Rc7 Bc6 40.Rxh7  0-1

[Event "POL-ch"]
[Site "Sopot"]
[Date "1997.??.??"]
[Round "5"]
[White "Pedzich, Dominik"]
[Black "Myc, Marcin"]
[Result "0-1"]
[WhiteElo "2465"]
[BlackElo "2335"]

1.e4 c5 2.Nf3 Nc6 3.Bb5 e6 4.O-O Nge7 5.Re1 a6 6.Bxc6 Nxc6 7.d4 cxd4 8.Nxd4 d6
9.Nc3 Bd7 10.Nxc6 bxc6 11.Qd3 h5 12.b3 h4 13.h3 Qa5 14.Bd2 Qc7 15.Rad1 Be7
16.Bf4 e5 17.Be3 g5 18.f3 Be6 19.Na4 O-O 20.Nb6 Rad8 21.Qxa6 d5 22.c3 d4
23.Bf2 Rb8 24.Na4 Rb5 25.Nb2 Bc8 26.Qa4 Ra5 27.cxd4 Rxa4 28.Nxa4 exd4 29.Rxd4 Rd8
30.Rxd8+ Qxd8 31.e5 Qd2 32.Re4 Be6 33.Nb6 Qxa2 34.Nc4 Qxb3 35.Ne3 c5 36.Kh2 Qa2
37.Bg1 c4 38.f4 gxf4 39.Rxf4 c3  0-1

[Event "POL-ch"]
[Site "Sopot"]
[Date "1997.??.??"]
[Round "11"]
[White "Maciejewski, Miroslaw"]
[Black "Myc, Marcin"]
[Result "0-1"]
[WhiteElo "2355"]
[BlackElo "2335"]

1.e4 c5 2.Nf3 Nc6 3.Bb5 e6 4.O-O Nge7 5.Nc3 Nd4 6.Nxd4 cxd4 7.Ne2 a6 8.Bd3 Nc6
9.c3 Bc5 10.b4 Ba7 11.cxd4 Nxb4 12.Bb1 O-O 13.a3 Nc6 14.d5 Qf6 15.Qc2 Nd4
16.Nxd4 Bxd4 17.e5 Qh6 18.Ra2 Bxe5 19.f4 Bd4+ 20.Kh1 d6 21.Qd3 e5 22.Bb2 Bxb2
23.Rxb2 Bd7 24.Rc1 Bb5 25.Qc3 Qxf4 26.Rb4 Qf6 27.a4 Bd7 28.Qd3 g6 29.Rf1 Qg7
30.Qe3 b5 31.a5 f5 32.h3 Rfc8 33.Qb6 Qe7 34.Qe3 Rc7 35.g4 fxg4 36.hxg4 Rf8
37.Rxf8+ Qxf8 38.Bd3 Rc5 39.Rb1 Qf6 40.Qg3 Qf4 41.Qh4 Qf3+ 42.Kh2 Rc8 43.Bf1 Qf4+
44.Qg3 Qxd2+ 45.Bg2 Qh6+ 46.Bh3 Rc2+ 47.Kg1 Qf4 48.Qxf4 exf4 49.Rf1 g5 50.Re1 Kf7
51.Bg2 Bxg4 52.Be4 Re2  0-1

[Event "POL-ch"]
[Site "Sopot"]
[Date "1997.??.??"]
[Round "12"]
[White "Pedzich, Dominik"]
[Black "Krasenkow, Michal"]
[Result "1/2-1/2"]
[WhiteElo "2465"]
[BlackElo "2615"]

1.e4 c5 2.Nf3 Nc6 3.Bb5 e6 4.O-O Nge7 5.Re1 Nd4 6.Nxd4 cxd4 7.c3 Nc6 8.d3 Bc5
9.Nd2 Qb6 10.Bxc6 dxc3 11.Nc4 Qxc6 12.Qg4 Bf8 13.e5 f5 14.exf6 gxf6 15.bxc3 b5
16.Qh5+ Kd8 17.Qf7 e5 18.Bg5 fxg5 19.Nxe5 Qd6 20.Qf3 Kc7 21.Qxa8 Bb7 22.Qxa7 Qd5
23.Re4 Bc5 24.Qa5+ Bb6 25.Qb4 d6 26.Nf3 Qxd3 27.Re7+ Kb8 28.Rb1 Bc6 29.Nd4 Rc8
30.Nxc6+ Rxc6 31.Qxb5 Qc2 32.Rf1 Qxc3 33.Qa6 Bxf2+ 34.Rxf2 Rxa6 35.Rf8+ Qc8
36.Rxc8+ Kxc8 37.Rxh7 Rxa2 38.Rg7 Ra5 39.Kf2 Kd8 40.Kg3 Rf5 41.Kg4 Rf2 42.Kg3 Rf5
43.h3 Ke8 44.Kg4 Rf2 45.g3 d5 46.Rxg5 d4 47.Rd5 Rd2 48.Kf4 Rd3 49.h4 Ke7
50.g4 Ke6 51.Rd8 Ke7 52.Ra8 Rh3 53.Kg5 d3 54.Ra4 d2 55.Rd4 Rh2 56.h5 Re2
57.Rd3 Ke6 58.Kh6 Ke7 59.g5 Re6+ 60.Kg7 Rd6 61.Rxd2 Rxd2 62.h6 Ke6 63.h7  1/2-1/2

[Event "ROM-chT2"]
[Site "Sovata"]
[Date "1997.??.??"]
[Round "?"]
[White "Sanduleac, Vasile"]
[Black "Manolache, Marius"]
[Result "0-1"]
[WhiteElo "2425"]
[BlackElo "2370"]

1.e4 c5 2.Nf3 Nc6 3.Bb5 e6 4.Bxc6 dxc6 5.O-O g5 6.d3 h6 7.Be3 Bg7 8.c3 b6
9.Qa4 Ne7 10.d4 g4 11.Nfd2 cxd4 12.cxd4 O-O 13.Nc3 f5 14.f3 f4 15.Bf2 g3
16.hxg3 fxg3 17.Be3 Ng6 18.Rfd1 Qh4 19.Nf1 Rxf3 20.gxf3 Qh3 21.Rd2 Nh4 22.Qd1 Ba6
23.e5 Rf8 24.f4 g2 25.Nh2 Qxe3+ 26.Rf2 Rxf4 27.Qd2 Qxd2 28.Rxd2 c5 29.dxc5 Bxe5
30.cxb6 axb6 31.Rad1 Rf8 32.Rd8 Bxh2+ 33.Kxh2 Bf1 34.R1d3 Bxd3 35.Rxd3 Nf3+  0-1

[Event "White Nights op"]
[Site "St Petersburg"]
[Date "1997.??.??"]
[Round "?"]
[White "Ivanov, Vladimir Ivanovich"]
[Black "Nikolaev, Sergej"]
[Result "1/2-1/2"]
[WhiteElo "2460"]
[BlackElo "2375"]

1.e4 c5 2.Nf3 Nc6 3.Bb5 g6 4.O-O Bg7 5.Re1 Nf6 6.e5 Ng4 7.Bxc6 dxc6 8.Nc3 O-O
9.d3 Nh6 10.Ne4 b6 11.Ng3 Nf5 12.Nxf5 Bxf5 13.Bf4 Qd5 14.Qe2 h6 15.h3 Rad8
16.b3 Qd7 17.a4  1/2-1/2

[Event "White Nights op"]
[Site "St Petersburg"]
[Date "1997.??.??"]
[Round "?"]
[White "Shaposhnikov, Evgeny"]
[Black "Krishilovsky, A."]
[Result "1-0"]
[WhiteElo "2370"]
[BlackElo "2150"]

1.e4 c5 2.Nf3 Nc6 3.Bb5 g6 4.O-O Bg7 5.c3 Nf6 6.Re1 O-O 7.h3 e5 8.d4 cxd4
9.cxd4 Nxd4 10.Nxd4 exd4 11.Qxd4 d5 12.e5 Ne4 13.Nc3 Qa5 14.b4 Qb6 15.Qxb6 axb6
16.Nxd5 Bxe5 17.Rb1 Nc3 18.Rxe5 Nxb1 19.Bd3 Na3 20.Nxb6 Be6 21.Nxa8 Rxa8
22.Rc5 Bxa2 23.Be4 Nc4 24.Bxb7 Rb8 25.Bd5 Rxb4 26.Bh6  1-0

[Event "White Nights op"]
[Site "St Petersburg"]
[Date "1997.??.??"]
[Round "?"]
[White "Ivanov, Vladimir Ivanovich"]
[Black "Kudinov, Igor"]
[Result "1-0"]
[WhiteElo "2460"]
[BlackElo "2275"]

1.e4 c5 2.Nf3 Nc6 3.Bb5 e6 4.c3 Nf6 5.e5 Nd5 6.O-O Qb6 7.Bxc6 bxc6 8.c4 Ne7
9.Nc3 Nf5 10.b3 Be7 11.Ba3 g5 12.Na4 Qc7 13.g4 Nd4 14.Re1 d6 15.exd6 Bxd6
16.Bxc5 Nxf3+ 17.Qxf3 Bxh2+ 18.Kg2 Bf4 19.Nc3 Bb7 20.d4 O-O-O 21.Re4 Kb8
22.Rh1 f5 23.Rxe6 fxg4 24.Qe4 Rd7 25.Rhh6 g3 26.fxg3 Bxg3 27.Ne2 Bf4 28.Nxf4 gxf4
29.Qe5 Qxe5 30.Rxe5 Rg8+ 31.Kf3 Rf7 32.Re7 Rg3+ 33.Kf2 Rxe7 34.Bxe7 Rd3 35.Bd6+ Kc8
36.Be5 Kd8 37.Rxh7 Bc8 38.Rh8+ Kd7 39.Ke2 Re3+ 40.Kd2 Rf3 41.Rh7+ Ke6 42.Ke2 Re3+
43.Kf2 Rc3 44.Rh6+ Kd7 45.Rd6+ Kc7 46.Rxc6+ Kxc6 47.d5+ Kc5 48.Bxc3 Bf5 49.Be5 Bb1
50.d6 Kc6 51.b4 Bd3 52.c5 Bb5 53.Bxf4 a5 54.a3 axb4 55.axb4 Kd5 56.Kg3 Ke4
57.Kg4 Bc6 58.Kg5 Bd7 59.Kf6  1-0

[Event "RUS-Cup01 Chigorin mem"]
[Site "St Petersburg"]
[Date "1997.??.??"]
[Round "8"]
[White "Makarov, Marat"]
[Black "Shariyazdanov, Andrey"]
[Result "0-1"]
[WhiteElo "2540"]
[BlackElo "2465"]

1.e4 c5 2.Nf3 Nc6 3.Bb5 e6 4.O-O Nge7 5.c3 a6 6.Be2 d5 7.exd5 Nxd5 8.d4 cxd4
9.Nxd4 Bd7 10.Nf3 Qc7 11.g3 Bd6 12.Nbd2 Ne5 13.Nxe5 Bxe5 14.Nf3 Bd6 15.c4 Nf6
16.Be3 O-O 17.Qb3 Bc6 18.Bb6 Qe7 19.Nd4 Be4 20.Qe3 e5 21.Nb3 Rac8 22.Rac1 Bc6
23.Rfd1 Nd7 24.Ba5 f5 25.c5 Bb8 26.Nd4 Be4 27.Ne6 Rf6 28.Ng5 Bc6 29.b4 Kh8
30.Qb3 h6 31.Nf3 f4 32.Rd5 Rcf8 33.Rcd1 e4 34.Nd4 Bxd5 35.Qxd5 e3 36.f3 fxg3
37.c6 gxh2+ 38.Kh1 Rd6 39.Qxd6 Bxd6 40.cxd7 Qxd7  0-1

[Event "Sutton op"]
[Site "Sutton"]
[Date "1997.??.??"]
[Round "?"]
[White "Collinson, Adam"]
[Black "Reuben, Stewart"]
[Result "1-0"]
[WhiteElo "2380"]
[BlackElo "2235"]

1.e4 c5 2.Nf3 Nc6 3.Bb5 g6 4.O-O Bg7 5.Re1 e5 6.Bxc6 bxc6 7.c3 d6 8.d4 cxd4
9.cxd4 exd4 10.Nxd4 Ne7 11.Nc3 O-O 12.Bg5 Bb7 13.Qd2 Qd7 14.Rad1 Rad8 15.Nb3 Qc7
16.Qe3 Ba6 17.Qg3 Rd7 18.Bxe7 Be5 19.f4 Bxc3 20.Bxf8 Bxe1 21.Rxe1 Kxf8 22.f5 Qb6+
23.Kh1 Qb4 24.f6 Ke8 25.e5 dxe5 26.Qxe5+ Kd8 27.Nc5 Be2 28.Ne6+ fxe6 29.Qxe2 Qd6
30.h3  1-0

[Event "SVK-chT1W 9798"]
[Site "SVK"]
[Date "1997.??.??"]
[Round "?"]
[White "Tepper, Frantisek"]
[Black "Zpevak, Pavel"]
[Result "1/2-1/2"]
[WhiteElo "2235"]
[BlackElo "2380"]

1.e4 c5 2.Nf3 Nc6 3.Bb5 Qb6 4.Na3 g6 5.O-O Bg7 6.Re1 d6 7.c3 Bd7 8.d3 a6
9.Ba4 Qc7 10.Bxc6 Qxc6 11.Nc2 Nf6 12.d4 cxd4 13.e5 dxe5 14.Nxe5 Qc7 15.Nxd4 O-O
16.Nxd7 Qxd7 17.Bg5 e6 18.Qf3 Qd5 19.Qf4 Nh5 20.Qe3 Rfe8 21.Bh6 Bh8 22.h3 Ng7
23.g4 e5 24.Nf3 Ne6 25.Rad1 Qb5 26.b3 Rad8 27.c4 Qa5 28.Rxd8 Nxd8 29.Rd1 Qxa2
30.Ng5 Qa5 31.Ne4 Qc7 32.Qf3 Qe7 33.Nd6 Bg7 34.Bxg7 Kxg7 35.Nxe8+ Qxe8 36.Qe4 Nc6
37.f4 Qe7 38.fxe5 Qc5+ 39.Kg2 Nxe5 40.Qd4 Qc7 41.Re1 f6 42.g5 b5 43.gxf6+ Kxf6
44.Qh4+ g5 45.Qh6+ Kf5 46.Qh5 Qb7+ 47.Kg3 bxc4 48.Rxe5+ Kxe5 49.Qxg5+ Kd4
50.bxc4  1/2-1/2

[Event "SVK-chT1W 9798"]
[Site "SVK"]
[Date "1997.??.??"]
[Round "?"]
[White "Petrik, Stanislav"]
[Black "Hruskovic, M."]
[Result "1-0"]
[WhiteElo "2180"]
[BlackElo "2095"]

1.e4 c5 2.Nf3 Nc6 3.Bb5 Nd4 4.Nxd4 cxd4 5.O-O Qb6 6.Be2 Nf6 7.d3 h5 8.Nd2 d5
9.e5 Ng4 10.Nf3 g6 11.h3 Nh6 12.a4 Bg7 13.a5 Qc7 14.Bf4 g5 15.Bxg5 Bxe5 16.Re1 Ng4
17.Bh4 Rg8 18.hxg4 Rxg4 19.Nxe5 Rxh4 20.Bxh5 Be6 21.g3 Rh3 22.Bg4 Rh6 23.Qd2 Rf6
24.Qg5 O-O-O 25.Nxf7  1-0

[Event "SVK-chT1E 9798"]
[Site "SVK"]
[Date "1997.??.??"]
[Round "2"]
[White "Kotan, Ladislav"]
[Black "Pal, Peter"]
[Result "1-0"]
[WhiteElo "2280"]
[BlackElo "2225"]

1.e4 c5 2.Nf3 Nc6 3.Bb5 g6 4.O-O Nf6 5.Re1 Bg7 6.e5 Nd5 7.Nc3 Nc7 8.Bxc6 dxc6
9.Ne4 Ne6 10.d3 O-O 11.Be3 b6 12.Qd2 Nd4 13.Nxd4 cxd4 14.Bh6 c5 15.Ng3 Bb7
16.h4 Qd5 17.f3 Rae8 18.Bxg7 Kxg7 19.Qg5 f6 20.exf6+ exf6 21.Nh5+ Kh8 22.Nxf6 Rxe1+
23.Rxe1 Qd6 24.Nxh7  1-0

[Event "SVK-chT 9697"]
[Site "SVK"]
[Date "1997.??.??"]
[Round "2"]
[White "Strachan, Jan"]
[Black "Petrik, Stanislav"]
[Result "0-1"]
[WhiteElo "2230"]
[BlackElo "2185"]

1.e4 c5 2.Nf3 Nc6 3.Bb5 Nd4 4.Nc3 a6 5.Be2 g6 6.O-O Bg7 7.Re1 e6 8.Bf1 Ne7
9.d3 h6 10.Bf4 d6 11.e5 Nxf3+ 12.Qxf3 d5 13.Nd1 g5 14.Bg3 Ng6 15.Qh5 d4 16.b3 Bd7
17.Nb2 b5 18.Be2 Bc6 19.Bg4 Qe7 20.a4 Rd8 21.axb5 axb5 22.Ra6 Bd5 23.f3 O-O
24.Rea1 Ra8 25.Nd1 Rxa6 26.Rxa6 c4 27.bxc4 bxc4 28.h3 Qb7 29.Ra1 c3 30.h4 gxh4
31.Bh2 Ra8 32.Rxa8+ Qxa8 33.f4 Bxg2 34.Bxe6 Qf3 35.Bxf7+ Kxf7 36.Qf5+ Kg8
37.Nf2 Kh7 38.Qf7 Nxe5 39.Qf5+ Ng6 40.Qf7 h3 41.f5 Nh8 42.Qe6 Qe3 43.Qxe3 dxe3
44.Ne4 Bd4 45.Bg3 e2+ 46.Kh2 Be5 47.Bxe5 e1=Q 48.Nf6+ Kg7 49.Ng4+ Kg8 50.Nxh6+ Kh7
51.Ng4 Nf7 52.Nf6+ Kh6 53.Bf4+ Kg7 54.Nh5+ Kh8  0-1

[Event "SVK-chT 9697"]
[Site "SVK"]
[Date "1997.??.??"]
[Round "2"]
[White "Kotan, Ladislav"]
[Black "Mrva, Martin"]
[Result "0-1"]
[WhiteElo "2235"]
[BlackElo "2410"]

1.e4 c5 2.Nf3 Nc6 3.Bb5 Qb6 4.Nc3 e6 5.O-O Nd4 6.Bc4 Ne7 7.Nxd4 cxd4 8.Ne2 Nc6
9.d3 Be7 10.Ng3 Qc5 11.Qg4 g6 12.Bh6 Ne5 13.Qe2 Nxc4 14.dxc4 e5 15.b4 Qxb4
16.Bg7 Rg8 17.Bxe5 Qc5 18.Bf4 b6 19.Rfd1 Ba6 20.e5 Rc8 21.Qe4 Bxc4 22.Rxd4 Be6
23.c4 f5 24.exf6 Bxf6 25.Rad1 Bxd4 26.Rxd4 Rc6 27.h4 Rf8 28.Qe3 Qxd4 29.Qxd4 Rxc4
30.Qe5 Rfxf4 31.Qh8+ Ke7 32.Qxh7+ Kd8 33.f3 Rxh4 34.Qxg6 Rc1+ 35.Kf2 Rhc4
36.Ne4 Rd1 37.Qf6+ Kc7 38.Qf4+ Kc6 39.a3 a5 40.Qb8 Rd3 41.Qa8+ Kb5 42.g4 Bd5
43.Qe8 Bxe4 44.fxe4 Rc2+ 45.Ke1 Ka4 46.g5 b5 47.g6 Rh3  0-1

[Event "SVK-chT 9798"]
[Site "SVK"]
[Date "1997.??.??"]
[Round "4"]
[White "Franzen, Josef"]
[Black "Chmelik, Lukas"]
[Result "1/2-1/2"]
[WhiteElo "2310"]
[BlackElo "2255"]

1.e4 c5 2.Nf3 Nc6 3.Bb5 g6 4.O-O Bg7 5.c3 e5 6.d4 cxd4 7.cxd4 Nxd4 8.Nxd4 exd4
9.Bf4 Ne7 10.Nd2 a6 11.Bd3 d5 12.e5 Nc6 13.Re1 O-O 14.h3 Re8 15.Nf3 Qb6 16.Qd2 Qb4
17.Qc1 Bd7 18.a3 Qb6 19.Qd2 a5 20.Rad1 Nd8 21.Bh6 Bh8 22.Bb1 Nc6 23.Bf4 a4
24.Bg3 Ra5 25.Re2 Bg7 26.Rde1 Rb5 27.Bd3 Rb3 28.Bh4 Rxd3 29.Qxd3 Bf5 30.Qd1 d3
31.Rd2 Qa5 32.Bf6 Bh6 33.Rxd3 Bxd3 34.Qxd3 Bg7 35.Bxg7 Kxg7 36.Qe3 d4 37.Qf4 Qd5
38.Rd1 Nxe5 39.Nxe5 Qxe5 40.Qxd4  1/2-1/2

[Event "SVK-chT 9697"]
[Site "SVK"]
[Date "1997.??.??"]
[Round "4"]
[White "Frindt, Kornel"]
[Black "Maslik, Miroslav"]
[Result "1-0"]
[WhiteElo "2165"]
[BlackElo "2180"]

1.e4 c5 2.Nf3 Nc6 3.Bb5 g6 4.O-O Bg7 5.c3 Nf6 6.Re1 O-O 7.d4 cxd4 8.cxd4 d5
9.e5 Ne4 10.Ng5 Nxg5 11.Bxg5 f6 12.exf6 exf6 13.Bf4 Qb6 14.Nc3 Rd8 15.Bxc6 bxc6
16.Na4 Qb5 17.Nc5 g5 18.Bc7 Rf8 19.Re3 f5 20.Qd2 f4 21.Rb3 Qc4 22.Rb4 Qxb4
23.Qxb4 Re8 24.Re1 Bf5 25.Be5 Bf8 26.f3 Re7 27.Qd2 Rae8 28.Nd3 Re6 29.Rc1 h5
30.h4 g4 31.fxg4 Bxd3 32.Qxd3 hxg4 33.Qf5 g3 34.Qxf4 Bh6 35.Qxg3+ Kh7 36.Rf1  1-0

[Event "SVK-chT 9697"]
[Site "SVK"]
[Date "1997.??.??"]
[Round "5"]
[White "Franzen, Josef"]
[Black "Lisko, Frantisek"]
[Result "1-0"]
[WhiteElo "2325"]
[BlackElo "2325"]

1.e4 c5 2.Nf3 Nc6 3.Bb5 g6 4.O-O Bg7 5.c3 e5 6.d4 cxd4 7.cxd4 exd4 8.Bf4 Nge7
9.Nbd2 O-O 10.Bd6 a6 11.Bd3 b5 12.a4 b4 13.a5 h6 14.Nc4 Bb7 15.Qa4 Re8 16.Rfe1 Nc8
17.e5 g5 18.Be4 d3 19.Re3 g4 20.Nfd2 f5 21.Bxf5 Nd4 22.Bxd3 Nf3+ 23.gxf3 gxf3
24.Nxf3 Rf8 25.Bxf8 Bxf8 26.Be4 Bxe4 27.Rxe4 Bc5 28.Qc2 Qf8 29.Rg4+ Kh8 30.Qe4 Ne7
31.Ne3  1-0

[Event "SVK-chT 9697"]
[Site "SVK"]
[Date "1997.??.??"]
[Round "8"]
[White "Petrik, Karol"]
[Black "Manik, Mikulas"]
[Result "1/2-1/2"]
[WhiteElo "2260"]
[BlackElo "2395"]

1.e4 c5 2.Nf3 Nc6 3.Bb5 g6 4.O-O Bg7 5.Re1 e5 6.Bxc6 bxc6 7.d3 Ne7 8.Bg5 f6
9.Be3 d6 10.Qc1 Bg4 11.Nbd2 O-O 12.h3 Be6 13.Nf1 f5 14.Bh6 fxe4 15.Bxg7 Kxg7
16.Rxe4 Bd5 17.Ng5 h6 18.c4 hxg5 19.cxd5 Nxd5 20.Qd2 Rb8 21.Rae1 Rb4 22.Ne3 Nf4
23.Rxb4 cxb4 24.d4 exd4 25.Qxd4+ Qf6 26.Qd2 c5 27.Rd1 d5 28.Ng4 Qe7 29.Re1 Qd6
30.g3 Ne6 31.Kg2 d4 32.Qe2 Qd5+ 33.Kh2 Nc7 34.Qd3 Re8 35.Rxe8 Nxe8 36.b3 Nc7
37.Kg1 a5 38.Kh2 a4 39.Qc2 axb3 40.axb3 d3 41.Qb2+ Qd4 42.Qd2 Nd5 43.Qa2 d2
44.Qa7+ Kf8 45.Qa8+ Kf7 46.Qb7+ Ne7 47.Qf3+ Kg7 48.Qb7 Kf7 49.Qf3+ Ke6 50.Qe2+ Kd7
51.Ne3 Nd5 52.Qb5+ Kc7 53.Qa5+ Nb6 54.Nd1 Kc6 55.Qa6 Qe4 56.Qa2 Qe2 57.Qc2 Kb5
58.Kg2 Nd5 59.Qxg6 Qxd1 60.Qe8+ Kb6 61.Qe6+ Kc7 62.Qxd5 Qe1 63.Qxc5+ Kd7
64.Qd5+ Kc8 65.Qc5+ Kd8 66.Qd5+ Ke8 67.Qg8+ Ke7 68.Qxg5+ Kf7 69.Qd5+ Kg6
70.Qd6+  1/2-1/2

[Event "SVK-chT2 9697"]
[Site "SVK"]
[Date "1997.??.??"]
[Round "8"]
[White "Tepper, Frantisek"]
[Black "Kohlman, Robert"]
[Result "1-0"]
[WhiteElo "2215"]
[BlackElo "2280"]

1.e4 c5 2.Nf3 Nc6 3.Bb5 g6 4.O-O Bg7 5.Re1 a6 6.Bf1 d6 7.c3 Bg4 8.h3 Bxf3
9.Qxf3 e6 10.d3 Nge7 11.Bg5 Qb6 12.Nd2 Qc7 13.Bf6 O-O 14.Bxg7 Kxg7 15.Qg3 f5
16.Qh4 h6 17.exf5 Nxf5 18.Qc4 Nd8 19.g3 d5 20.Qg4 Qf7 21.Qe2 Kh7 22.Bg2 Ng7
23.Rf1 Nc6 24.Rae1 Rad8 25.Nf3 b5 26.h4 Qf5 27.Kh2 Rf6 28.Nd2 g5 29.Nf3 Rdf8
30.Kg1 g4 31.Nd2 Qg6 32.Qe3 c4 33.dxc4 bxc4 34.Nxc4 Rf3 35.Qc5 dxc4 36.Qxc6 Qf5
37.Bxf3 gxf3 38.Qe4 Rg8 39.Kh2  1-0

[Event "Piatka op"]
[Site "Swidnica"]
[Date "1997.??.??"]
[Round "?"]
[White "Ulibin, Mikhail"]
[Black "Krasenkow, Michal"]
[Result "0-1"]
[WhiteElo "2555"]
[BlackElo "2615"]

1.e4 c5 2.Nf3 Nc6 3.Bb5 e6 4.O-O Nge7 5.c3 d5 6.exd5 Qxd5 7.Re1 Bd7 8.Na3 Ng6
9.Bc4 Qh5 10.d4 cxd4 11.Nb5 Rc8 12.Be2 Qd5 13.Nfxd4 Nxd4 14.Nxd4 Qa5 15.a4 Be7
16.Bf3 Qc7 17.Nb5 Qb8 18.Be3 a6 19.Nd4 O-O 20.Nf5 Bc6 21.Nxe7+ Nxe7 22.Bg4 Nd5
23.Bd4 Qf4 24.g3 Qh6 25.a5 Rfd8 26.Qe2 Nf6 27.Bf3 Bxf3 28.Qxf3 Rd5 29.Re5 Rcd8
30.Rae1 R8d7 31.Kg2 Qg6 32.Qf4 h6 33.Rxd5 Nxd5 34.Qb8+ Kh7 35.c4 Nb4 36.Bc3 Nd3
37.Re3 Qf5 38.f3 Qc5 39.Re2 Qxc4 40.Qf8 f6 41.Re4 Qb3 42.Re2 Qd1 43.Rxe6 Qc2+
44.Kh3 Nf2+  0-1

[Event "Piatka op"]
[Site "Swidnica"]
[Date "1997.??.??"]
[Round "?"]
[White "Dobrowolski, Piotr"]
[Black "Brodsky, Michail"]
[Result "1/2-1/2"]
[WhiteElo "2390"]
[BlackElo "2515"]

1.e4 c5 2.Nf3 Nc6 3.Bb5 g6 4.Bxc6 bxc6 5.O-O Bg7 6.Re1 Nh6 7.c3 O-O 8.d4 cxd4
9.cxd4 d6 10.h3 f6 11.Be3 Nf7 12.Qd2 f5 13.Nc3 fxe4 14.Nxe4 Be6 15.Nfg5 Qd7
16.Nxe6 Qxe6 17.Bg5 Qd7 18.Bh4 h6 19.Rac1 Rfe8 20.Re2 Rab8 21.Rce1 g5 22.Bg3 Rb5
23.Nc3 Rb4 24.Re4 d5 25.Re6 Rxd4 26.Qc2 Rb8 27.Qg6 Nh8 28.Qh5 Nf7 29.Qg6 Nh8
30.Qh5 Nf7 31.Qg6  1/2-1/2